| 000 | 00593nam a2200181 a 4500 | ||
|---|---|---|---|
| 005 | 20210219160535.0 | ||
| 008 | 081110s1963 mx r 000 0 spa d | ||
| 035 | _aUPN01000167510 | ||
| 049 | _aUNE | ||
| 080 | _aOC 3.001.5 (4) =40 ACT No.18. | ||
| 245 | 0 | 0 | _aActivités en matière de sciences sociales de certaines académies des sciences d'Europe Orientale. |
| 260 |
_aParís : _bUNESCO, _c1963. |
||
| 300 | _a66 p. | ||
| 440 | 0 |
_aRapports et documents de sciences sociales ; _v18 |
|
| 690 | _aInstituciones de ciencias sociales | ||
| 690 | _aAcademias de ciencias | ||
| 905 | _aUNESCO | ||
| 999 |
_c139621 _d139621 |
||